Our precarious habitat... it’s in your hands

This book is a great resource for environmental science professionals and a thought-provoking textbook for students in medicine and public health, the social sciences, earth science, and other areas. Most of all, it's an eye-opening reference for concerned officials and citizens who want a clea...

全面介绍

Đã lưu trong:
书目详细资料
主要作者: Benarde, Melvin A.
格式: 图书
语言:Undetermined
出版: Hoboken, N.J. Wiley-Interscience 2007
主题:
标签: 添加标签
没有标签, 成为第一个标记此记录!
Thư viện lưu trữ: Trung tâm Học liệu Trường Đại học Cần Thơ
LEADER 01105nam a2200217Ia 4500
001 CTU_164120
008 210402s9999 xx 000 0 und d
020 |c 50.99 
082 |a 616.98 
082 |b B456 
100 |a Benarde, Melvin A. 
245 0 |a Our precarious habitat... it’s in your hands 
245 0 |c Melvin A. Benarde 
260 |a Hoboken, N.J. 
260 |b Wiley-Interscience 
260 |c 2007 
520 |a This book is a great resource for environmental science professionals and a thought-provoking textbook for students in medicine and public health, the social sciences, earth science, and other areas. Most of all, it's an eye-opening reference for concerned officials and citizens who want a clear, unbiased perspective on environmental issues in order to separate scientific fact from alarmist propaganda. 
650 |a Environmental health,Human beings,Sức khỏe môi trường,Con người 
650 |x Effect of environment on,Ảnh hưởng của môi trường 
904 |i Trọng Hải 
980 |a Trung tâm Học liệu Trường Đại học Cần Thơ